Professeurs de fictions - Statistiques

Statistiques générales
  • Ce quiz a été pris 114 fois
  • Le résultat moyen est 7 sur 25
Statistiques - réponses
Professeur Univers % Correct
Professeur Tournesol Tintin
99%
Professeur Rogue Harry Potter
92%
Professeur Xavier X-Men
75%
Professeur Moriarty Sherlock Holmes
64%
Professeur Chen Pokémon
56%
Professeur Layton Professeur Layton
51%
Professeur Robotnik Sonic
46%
Professeur Mortimer Blake et Mortimer
38%
Professeur Banner Avengers
35%
Professeur Jones Indiana Jones
33%
Professeur Doofenshmirtz Phineas et Ferb
23%
Professeur Grant Jurassic Park
21%
Professeur Keating Le cercle des poètes disparus
15%
Professeur Frink Les Simpson
15%
Professeur Sanchez Rick et Morty
15%
Professeur Brown Retour vers le futur
14%
Professeur Utonium Les Super Nanas
13%
Professeur Tastroff Luigi's Mansion
8%
Professeur Farnsworth Futurama
7%
Professeur Aronnax Vingt Mille Lieues sous les mers
4%
Professeur Hojo Final Fantasy
3%
Professeur Stockman Les Tortues Ninja
3%
Professeur Hopper Code Lyoko
2%
Professeur Ikari Neon Genesis Evangelion
2%
Professeur Razorbak Cycle des Anges et des Dieux
0%
Aucun quiz correspondant
Distribution des résultats
% des personnes avec chaque résultat
Percentile par nombre de réponses
Votre historique - résultats
Vous n’avez pas pris ce quiz